| 000 | 00551cam a2200193ua 4500 | ||
|---|---|---|---|
| 001 | 12282 | ||
| 005 | 20260515114847.0 | ||
| 008 | 200825n ii |||gr||||Z||||||asm | ||
| 020 | _a9789324404176 | ||
| 040 | _cMAIN | ||
| 082 | _a954.162 | ||
| 100 |
_aJoyshree Goswami Mahanta, _eEditor., |
||
| 245 |
_aAsom andolan : _bYugamia cintar ek pratifalan volume III / _cEd by Joyshree Goswami Mahanta . |
||
| 250 |
_a2nd ed. / _bV.III. |
||
| 260 |
_aGuwahati: _bChandra prakash, _c2015. |
||
| 300 | _a248p. | ||
| 653 | _aSouth Asia India | ||
| 942 | _cBK | ||
| 999 |
_c11024 _d11024 |
||